Statistics for FIFA 23 RANDOM PLAYERS COUNTRY QUIZ #19

Click here to take the quiz!

General Stats

  • This quiz has been taken 17 times
  • The average score is 12 of 20

Answer Stats

HintAnswer% Correct
Harry KaneEngland
93%
Jadon SanchoEngland
86%
Virgil van DijkNetherlands
86%
Khvicha KvaratskheliaGeorgia
79%
Bruno GuimarãesBrazil
71%
Renato SanchesPortugal
71%
Pervis EstupiñánEcuador
64%
Kenny DalglishScotland
64%
Alex TellesBrazil
57%
Bryan OviedoCosta Rica
57%
Illan MeslierFrance
57%
John McGinnScotland
57%
Éver BanegaArgentina
50%
SilasCongo DR
43%
Édouard MendySenegal
43%
CesinhaBrazil
36%
Jordan VeretoutFrance
36%
Jawad El YamiqMorocco
36%
Guus TilNetherlands
36%
Predrag RajkovićSerbia
29%

Score Distribution

Percentile by Number Answered

Percent of People with Each Score

Your Score History

You have not taken this quiz